| 000 | 00438nam a22001577a 4500 | ||
|---|---|---|---|
| 005 | 20251108170026.0 | ||
| 008 | 250721s9999 xx 000 0 ara d | ||
| 082 | 1 | 4 | _aط/ق/ليل |
| 100 | 1 | _aنحاس، ليلى نبيل | |
| 245 | 1 | 0 | _aحبة البطاطا الصغيرة / |
| 264 | 1 |
_aالكويت : _bشركة كاظمه، _c[19-]. |
|
| 300 | _a14ص | ||
| 650 | 1 | 7 | _aالقصص العربيه |
| 942 |
_2ddc _cBK |
||
| 999 |
_c37743 _d37743 |
||